00443 a2200169 4500082002100000100001400021245007200035260003000107300000900137504002600146650001400172650002700186650001300213653001700226942001300243999001700256 aDRM /323/ACT-b/A aActionaid aBidhyalaya Shikshaka Dash Adhikarharu : anugaman tatha srot pustika aKathmandubActionaidcn.d a70p. aIncluded Bibliography aEducation aNon Violence Communiyy aEquality aHuaman Right 2ddccGEN c71745d71734